zpět

Detail výsledku týmu

Sportbar Penalta, Přerov

Datum a čas kvízu

28.5 Celkem bodů Celkový počet nahraných bodů na tomto kvízu bez doplňovacích otázek.
7. Pořadí na kvízu Konečné umístění týmu na tomto kvízu.

Zaznamenané odpovědi

# Otázka Odpověď Body Výsledky
1. Příslušníci jisté profese se v... popeláři 0
2. Která velká evropská země schv... Francie 1
3. Lístek na premiéru tohoto film... Melania 1
4. Tým španělských vědců vedený D... slinivky 1
5. Mistry republiky 2026 se o vík... A 1
6. Na obrázku níže můžete vidět d... Drákula a Frankenstein 1
7. Co by to bylo za hororové téma... C 0
8. Ze které (převážně videoherní)... Resident Evil 0
9. Michael Myers, zabiják ze séri... A 0
10. Čím je inspirován česko-americ... D 1